| 000 | 00915nam a2200217 a 4500 | ||
|---|---|---|---|
| 001 | 38581 | ||
| 003 | BD-RjUL | ||
| 005 | 20211209052825.0 | ||
| 008 | 160116s1970 bg ||||| |||| 00| 0 ben d | ||
| 035 | _a(BD-RjUL)38689 | ||
| 040 |
_aBD-RjUL _bben _cBD-RjUL |
||
| 041 | _aben | ||
| 082 |
_223 _a891.4417 _bAHA 1970 |
||
| 100 |
_aআহসান, সৈয়দ আলী _9117689 |
||
| 245 |
_aআধুনিক বাংলা কবিতা : _bশব্দের অনুষঙ্গে / _cসৈয়দ আলী আহসান |
||
| 260 |
_aঢাকা : _bআহমদ পাবলিশিং হাউস, _c১৯৭০ |
||
| 300 |
_a১৪৭ পৃ. ; _c২২ সেমি. |
||
| 650 |
_aবাংলা কবিতা _xরূপরেখা , সিলেবাসে _y২০ শতক _9119059 |
||
| 650 |
_aBengali poetry _xOutlines, syllabi, etc. _y20th century _9119060 |
||
| 942 |
_2ddc _cBK _05 |
||
| 999 |
_c38581 _d38581 |
||